000 00986nam a22003137a 4500
001 BR0701739
003 BR-BrBNA
005 20230928102352.0
007 ta
008 230509b bl.||||| |||| 00| 0 por d
040 _aBR-BrBNA
_bpor
_cBiblioteca Nacional de Agricultura
041 _a(Por)
072 _aF30
_b1959
090 _ 1959 BR0701739
100 1 _aGonçalves, A.C.
110 1 _aUniversidade Federal de Lavras, MG (Brasil)
_0Tese (Mestrado)
245 1 _aEstrutura genética em populações naturais de Dimorphandra mollis Benth. (Fabaceae)
260 3 _aLavras, MG (Brasil):
_c2006.
300 _a83 p.
500 _aSummaries (Eng, Por); Bibliography p. 70-83; 11 tables; 9 illus.
650 _aDIMORPHANDRA MOLLIS
650 _aFAVEIRA
650 _aLEGUMINOSA FORRAGEIRA
650 _aCARACTERÍSTICAS AGRONÔMICAS
650 _aPOPULAÇÃO DE PLANTA
650 _aCOMPORTAMENTO DE VARIEDADE
909 _a202309
_bLucia
_c55
_dLucia Elande
942 _cBK
999 _c70421
_d70421